000 00211 a2200097 4500
001 17397
100 _aMorrison
245 _aEngineers in training examination EIT
260 _a
_bARCO
_c
090 _c12856
_d12856
942 _aNUST-CAE
_cM
_c3176
999 _c252470
_d252470